000 00884cam a22002771 4500
001 2924
003 BD-RjU
005 20211208233638.0
008 131217s1962 njua b 001 0 eng
035 _a(BD-RjUL)2952
035 _a(OCoLC)253233
040 _aDLC
_cODaWU
_dOCoLC
_dBD-RjUL
_beng
041 _aeng
082 _a336.24
_bHOD 1962
100 1 _aHolland, Daniel M.
_q(Daniel Mark),
_d1920-
_99356
245 1 0 _aDividends under the income tax /
_cDaniel M. Holland
260 _aPrinceton :
_bPrinceton University Press,
_cc1962.
300 _axvii, 189 p. :
_bill., diagrs., tables. ;
_c24 cm.
500 _a"A study by the National Bureau of Economic Research, New York."
504 _aInclude index.
650 0 _aDividends
_xTaxation
_zUnited States.
_99358
942 _2ddc
_cBK
999 _c2924
_d2924